| 000 | 00424cam a2200157ua 4500 | ||
|---|---|---|---|
| 041 |
_aeng _h |
||
| 082 |
_a941 _bDER/GR |
||
| 100 | _aDerry, T K. | ||
| 245 |
_aGreat Britain/Its history from earliest times to the present day / _cT.K.Derry. _hTextual Documents |
||
| 260 |
_aLondon : _bOxford University press , _c1962. |
||
| 300 | _a585 ; . | ||
| 504 | _a | ||
| 700 | 1 | _aBlount, C H C. | |
| 942 | _cBK | ||
| 999 |
_c640 _d640 |
||